| 000 | 00828nam a22002057a 4500 | ||
|---|---|---|---|
| 999 |
_c6630 _d6630 |
||
| 003 | AR-CdUCM | ||
| 008 | 190318b ||||| |||| 00| 0 spa d | ||
| 020 | _a84-205-0119-0 | ||
| 040 |
_aMUNICIPALIDAD PROVINCIAL DEL CUSCO _cBIBLIOTECA MUNICIPAL DEL CUSCO |
||
| 082 |
_22ed. _a541 / _bST82 |
||
| 100 |
_aStorch de Gracia y Asensio, J. M. _918647 |
||
| 245 | _aFundamentos de la Cromatografía de Gases / | ||
| 260 |
_aEspaña : _bAlhambra ; _c1975. |
||
| 300 |
_a209 páginas ; _bTablas, diagramas, fórmulas, ilustraciones _c20cm |
||
| 440 |
_aColección Exedra-Ciencia, Técnica, Ingeniería _n32 _918648 |
||
| 505 | _aContenido: Cromatografía y cromatografía de gases -- El cromatógrafo de gases -- La columna -- Otros elementos del cromatógrafo... | ||
| 650 |
_aQuímica _94512 |
||
| 942 |
_2ddc _cLIBROS |
||
| 945 | _anom | ||